| 000 | 00466nam a22001337a 4500 | ||
|---|---|---|---|
| 020 | _qHB. | ||
| 040 | _cFIZZA ISHAQ | ||
| 082 |
_a809.387203 _bDEA |
||
| 100 |
_a DeAndrea, William L. _9134343 |
||
| 245 |
_aEncyclopedia mysteriosa : a comprehensive guide to the art of detection in print, film, radio, and television / _c William L. DeAndrea. |
||
| 260 |
_a New York : _b Prentice Hall General Reference , _c1994. |
||
| 300 |
_ax, 405 p. ; _c25 cm |
||
| 942 |
_2ddc _cBK |
||
| 999 |
_c617320 _d617320 |
||